Science Quiz

Random Science or Animal Quiz

The Sporcle Zoo VII Quiz Stats

 Plays Quiz Updated Mar 19, 2016

Also try: The Sporcle Zoo VI
Challenge
Share
Tweet
Score 0/25 Timer 07:00
1 Play Today
% Correct
Southern Rockhopper penguin
92.9%
Cheetah
92.7%
Burmese star tortoise
89.2%
Tomato clownfish
88.9%
Grévy's zebra or imperial zebra
83.8%
Canada goose
78.7%
Amazon river dolphin
70.3%
Rusty millipede
68%
Thick-tailed or barking gecko
63.4%
Red-crowned or Japanese crane
59.9%
Asian giant hornet
58.7%
Eastern coral snake
58.2%
Eastern subterranean termite
53.6%
% Correct
Wombat
51.9%
European fire-bellied toad
51.4%
Giraffe weevil
51.3%
Freshwater angelfish
48.2%
California condor
45.7%
Common quail
44.8%
Ground pangolin
39.4%
European limpet
25%
Orange assassin bug
24.8%
White-tailed mongoose
12%
Persian carpet flatworm or Bedford's flatworm
10.2%
Largescale four-eyed fish
7.1%

You're not logged in!

Compare scores with friends on all Sporcle quizzes.
OR
Log In

You Might Also Like...

Show Comments

Extras

Top Quizzes Today


Score Distribution

Your Account Isn't Verified!

In order to create a playlist on Sporcle, you need to verify the email address you used during registration. Go to your Sporcle Settings to finish the process.

Report this User

Report this user for behavior that violates our Community Guidelines.

Details: